000
00262nam a2200109Ia 4500
008
190914s9999||||xx |||||||||||||| ||und||
100
_a
S.Akbar Zaidi
245
0
_a
Issues In Pakistan's Economy
260
_a
Karachi
_b
Oxford
_c
2001
300
_a
457
942
_c
BK
999
_c
8584
_d
8584